=LDR 00000nam 2200000 4500 =001 INLIS000000000020512 =005 20130612115453 =008 ***********************************Ind** =035 ##$$a0010-061300000020512 =041 ##$$a Ind =082 ##$$a 428 =090 ##$$a 428, Syah b =100 ##$$a Syah, Jalinus =245 ##$$a Basic conversations, Jalinus Syah =260 ##$$a 2005 $b Jakarta =300 ##$$a v, 237 hlm, 20 cm =650 ##$$a Bahasa Inggris-Percakapan =850 ##$$a NBPNMAT =990 ##$$a 21195853/BPAP-NTB/2014 =990 ##$$a 0001/BPAP-NTB/20142014 =990 ##$$a 0001/BPAP-NTB/20142014 =990 ##$$a 79117911 =990 ##$$a 01201807911 =990 ##$$a 21195853/BPAP-NTB/2014 =990 ##$$a 0001/BPAP-NTB/20142014 =990 ##$$a 0001/BPAP-NTB/20142014